<?xml version="1.0" encoding="UTF-8"?>
<collection xmlns="http://www.loc.gov/MARC21/slim">
    <record>
        <controlfield tag="001">46534</controlfield>
        <controlfield tag="005">20160613140150.0</controlfield>
        <datafield tag="037" ind1=" " ind2=" ">
            <subfield code="a">GDOC-2010-0991</subfield>
        </datafield>
        <datafield tag="041" ind1=" " ind2=" ">
            <subfield code="a">spa</subfield>
        </datafield>
        <datafield tag="100" ind1=" " ind2=" ">
            <subfield code="0">(orcid)0000-0003-2664-6339</subfield>
            <subfield code="a">Valdovinos Bardají, Antonio</subfield>
        </datafield>
        <datafield tag="245" ind1="0" ind2="0">
            <subfield code="9">62530</subfield>
            <subfield code="a">T2-Gestión de recursos de radio y calidad de servicio en redes móviles</subfield>
        </datafield>
        <datafield tag="260" ind1=" " ind2=" ">
            <subfield code="a">Zaragoza</subfield>
            <subfield code="b">Universidad de Zaragoza</subfield>
            <subfield code="c">2010-2011</subfield>
        </datafield>
        <datafield tag="520" ind1=" " ind2=" ">
            <subfield code="a">Esta asignatura se enmarca dentro de los cursos de Telemática y su objetivo es profundizar en el estudio de distintos procedimientos de gestión de recursos radio, principalmente en sistemas que operan en transmisión en modo paquete, que permitan mejorar la eficiencia en la utilización de un acceso radio con fuertes restricciones intrínsecas en capacidad a la vez que garantizar la calidad de servicio en sistemas que integren tráfico con distintos parámetros y requerimientos de calidad.</subfield>
        </datafield>
        <datafield tag="521" ind1=" " ind2=" ">
            <subfield code="9">631</subfield>
            <subfield code="a">Máster en Tecnologías de la Información y Comunicación en Redes Móviles</subfield>
        </datafield>
        <datafield tag="540" ind1=" " ind2=" ">
            <subfield code="a">by-nc-sa</subfield>
            <subfield code="b">Creative Commons</subfield>
            <subfield code="c">3.0</subfield>
            <subfield code="u">http://creativecommons.org/licenses/by-nc-sa/3.0/</subfield>
        </datafield>
        <datafield tag="700" ind1=" " ind2=" ">
            <subfield code="0">(orcid)0000-0002-0299-0859</subfield>
            <subfield code="a">Hernández Solana, María Ángela</subfield>
        </datafield>
        <datafield tag="830" ind1=" " ind2=" ">
            <subfield code="9">373</subfield>
        </datafield>
        <datafield tag="856" ind1="4" ind2=" ">
            <subfield code="s">113972</subfield>
            <subfield code="u">http://zaguan.unizar.es/record/46534/files/guia.pdf</subfield>
        </datafield>
        <datafield tag="980" ind1=" " ind2=" ">
            <subfield code="a">GDOC</subfield>
            <subfield code="b">Ingeniería y Arquitectura</subfield>
            <subfield code="c">106</subfield>
        </datafield>
    </record>

    
</collection>